| 000 | 00450nam a22001577a 4500 | ||
|---|---|---|---|
| 005 | 20251108164850.0 | ||
| 008 | 250721s1991 xx 000 0 ara d | ||
| 082 | 1 | 4 | _a815/عبد |
| 100 | 1 | _aشلبي، عبد الجليل | |
| 245 | 1 | 0 | _aالخطابة و إعداد الخطيب / |
| 250 | _aط5. | ||
| 264 | 1 |
_aالقاهرة : _bمؤسسة الخليج العربي، _c1991. |
|
| 650 | 1 | 7 | _aالخطابة |
| 942 |
_2ddc _cBK |
||
| 999 |
_c16208 _d16208 |
||